Top 10 Città più popolose Provincia di Frosinone - Statistics

Statistiche generali
  • Questo quiz è stato fatto 24 volte
  • Il punteggio medio è 6 su 10
Statistiche sulle risposte
Popolazione (ab.) Città % Corretto
46 649 Frosinone
100%
33 658 Cassino
91%
26 247 Sora
68%
28 609 Alatri
59%
21 441 Anagni
59%
23 098 Ceccano
55%
20 966 Ferentino
55%
13 223 Pontecorvo
32%
20 763 Veroli
32%
12 882 Monte San Giovanni Campano
9%
Nessun quiz corrispondente trovato
Distribuzione punteggi
Percentuale di utenti per punteggio
Percentile per numero di risposta
I tuoi punteggi nel tempo
Non hai fatto questo quiz